Arquitectura barroca

Kaydedildi:
Detaylı Bibliyografya
Yazar: Norberg-Schulz, Christian (autor)
Materyal Türü: Kitap
Dil:İspanyolca
Baskı/Yayın Bilgisi: Madrid Aguilar 1972
Seri Bilgileri:Historia universal de la arquitectura
Konular:
Etiketler: Etiketle
Etiket eklenmemiş, İlk siz ekleyin!

MARC

LEADER 00000nam a2200000 a 4500
001 UCY4732
003 CL-VaPUC
008 950328e19720000SP |||||||||||||||||spa|d
082 0 4 |a 724.19  |b NOR  |2 21 
100 |a Norberg-Schulz, Christian  |e autor  |9 333215 
245 1 0 |a Arquitectura barroca 
300 |a 406 p 
942 |c BK 
945 |d 19950328 00:00:00  |a mfernand 
260 |a Madrid  |b Aguilar  |c 1972 
650 0 |a Arquitectura barroca   |9 266043 
583 |a last modification  |c 19950328 00:00:00  |k Rodrigo Vera 
490 0 |a Historia universal de la arquitectura 
999 |c 232505  |d 232503 
952 |0 0  |1 0  |4 0  |6 724_190000000000000_NOR_1972  |7 0  |8 F  |9 237149  |a BIBARQ  |b BIBARQ  |d 2019-11-15  |i 3071928  |l 16  |o 724.19 NOR 1972  |p 3071928  |r 2025-01-20  |s 2024-06-06  |w 2019-11-15  |y BK_F  |k ARQ 
952 |0 0  |1 0  |4 0  |6 724_190000000000000_NOR_1972  |7 0  |8 X  |9 237150  |a BIBHIS  |b BIBHIS  |d 2019-11-15  |i 1363670  |o 724.19 NOR 1972  |p 1363670  |r 2024-01-30  |w 2019-11-15  |y BK_X  |k HIS